Govt. of
Madhya Pradesh

Science and Technology NCERT (Record no. 60749)

MARC details
000 -LEADER
fixed length control field 00361nam a22001457a 4500
003 - CONTROL NUMBER IDENTIFIER
control field macl
005 - DATE AND TIME OF LATEST TRANSACTION
control field 20190814125047.0
008 - FIXED-LENGTH DATA ELEMENTS--GENERAL INFORMATION
fixed length control field 190814b xxu||||| |||| 00| 0 eng d
040 ## - CATALOGING SOURCE
Transcribing agency macl
100 ## - MAIN ENTRY--PERSONAL NAME
Personal name Singh, Sheelwant
9 (RLIN) 76256
245 ## - TITLE STATEMENT
Title Science and Technology NCERT
260 ## - PUBLICATION, DISTRIBUTION, ETC. (IMPRINT)
Place of publication, distribution, etc. Chennai
Name of publisher, distributor, etc. McGrawHill
Date of publication, distribution, etc. 2018
650 ## - SUBJECT ADDED ENTRY--TOPICAL TERM
Topical term or geographic name as entry element : science
9 (RLIN) 76257
942 ## - ADDED ENTRY ELEMENTS (KOHA)
Source of classification or shelving scheme
Koha item type Books
Holdings
Withdrawn status Lost status Source of classification or shelving scheme Damaged status Not for loan Home library Current library Date acquired Total Checkouts Full call number Barcode Date last seen Date last checked out Price effective from Koha item type
          MACL MACL 14/08/2019 1 600 GCLC00001 04/12/2021 18/11/2021 14/08/2019 Books